Logo Biblioteca

Las intermitencias de la muerte / (Registro nro. 899)

Detalles MARC
000 -LEADER
fixed length control field 01258nam a22002657a 4500
003 - CONTROL NUMBER IDENTIFIER
control field AR-RoUNCS
005 - DATE AND TIME OF LATEST TRANSACTION
control field 20260212093440.0
008 - FIXED-LENGTH DATA ELEMENTS--GENERAL INFORMATION
fixed length control field 130423s2005 ag r 001 f spa
015 ## - NATIONAL BIBLIOGRAPHY NUMBER
National bibliography number AR-2005
020 ## - INTERNATIONAL STANDARD BOOK NUMBER
International Standard Book Number 987-04-0234-8
040 ## - CATALOGING SOURCE
Original cataloging agency AR-BaBN
Language of cataloging spa
Transcribing agency AR-RoUNCs
Description conventions aacr
080 0# - UNIVERSAL DECIMAL CLASSIFICATION NUMBER
Universal Decimal Classification number 82-31(469)
Edition identifier 2016
100 1# - MAIN ENTRY--PERSONAL NAME
Personal name Saramago, José,
Dates associated with a name 1922-2010
Relator term autor
Relationship aut
245 14 - TITLE STATEMENT
Title Las intermitencias de la muerte /
Statement of responsibility, etc. José Saramago ; traducción de Pilar del Río.
250 ## - EDITION STATEMENT
Edition statement 1a ed.
260 ## - PUBLICATION, DISTRIBUTION, ETC.
Place of publication, distribution, etc. Buenos Aires :
Name of publisher, distributor, etc. Alfaguara,
Date of publication, distribution, etc. 2005.
300 ## - PHYSICAL DESCRIPTION
Extent 278 p. ;
Dimensions 21 cm.
490 0# - SERIES STATEMENT
Series statement Biblioteca José Saramago.
500 ## - GENERAL NOTE
General note Título original: "As intermitências da morte".
520 3# - SUMMARY, ETC.
Summary, etc. En un país cuyo nombre no será mencionado se produce algo nunca visto desde el principio del mundo: la muerte decide suspender su trabajo letal, la gente deja de morir. La euforia colectiva se desata, pero muy pronto dará paso a la desesperación y al caos. Sobran los motivos. Si es cierto que las personas ya no mueren, eso no significa que el tiempo haya parado. El destino de los humanos será una vejez eterna.
650 #7 - SUBJECT ADDED ENTRY--TOPICAL TERM
Source of heading or term embne
Topical term or geographic name entry element Literatura portuguesa
655 #7 - INDEX TERM--GENRE/FORM
Genre/form data or focus term Novelas
General subdivision Realismo mágico (Literatura)
700 1# - ADDED ENTRY--PERSONAL NAME
Personal name Río, Pilar del
Relator term tr.
942 ## - ADDED ENTRY ELEMENTS (KOHA)
Source of classification or shelving scheme Universal Decimal Classification
Koha item type Obra General
Suppress in OPAC No
Existencias
Withdrawn status Lost status Source of classification or shelving scheme Damaged status Not for loan Collection Home library Current library Date acquired Total checkouts Full call number Barcode Date last seen Price effective from Koha item type
    Universal Decimal Classification     Colección General Biblioteca Escuela de Ciencias Sociales Biblioteca Escuela de Ciencias Sociales 12/02/2026   82-31(469) SA243 000217 12/02/2026 12/02/2026 Obra General
Biblioteca de la Escuela Preuniversitaria en Ciencias Sociales y Humanísticas.
Riobamba 250 bis.
CP 2000 - Rosario - Santa Fe
E-Mail: biblioteca@esociales.unr.edu.ar